A jóllét szerepe a kultúrafogyasztásban A mentális és érzelmi jóllét elősegítése művészetekkel és digitális élményekkel
| Szerző: | |
|---|---|
| További közreműködők: | |
| Dokumentumtípus: | Diplomadolgozat |
| Kulcsszavak: | digitális művészet generációs különbségek közösség kultúra kultúrafogyasztás mentális jóllét |
| Online Access: | http://dolgozattar.uni-bge.hu/59903 |
MARC
| LEADER | 00000nta a2200000 i 4500 | ||
|---|---|---|---|
| 001 | dolg59903 | ||
| 005 | 20260409145725.0 | ||
| 008 | 260409suuuu hu om 000 hun d | ||
| 040 | |a BGE Dolgozattár Repozitórium |b hun | ||
| 041 | |a hu | ||
| 100 | 1 | |a Anda Nóra Petra | |
| 245 | 1 | 2 | |a A jóllét szerepe a kultúrafogyasztásban |b A mentális és érzelmi jóllét elősegítése művészetekkel és digitális élményekkel |c Anda Nóra Petra |h [elektronikus dokumentum] |
| 520 | 3 | |a Szakdolgozatom középpontjában a kultúrafogyasztás, a szabadidő-felhasználás és a digitális élmények mentális egészségre gyakorolt hatásainak vizsgálata áll. A dolgozat célja annak feltárása, hogy a technológiai változások milyen hatással vannak az egyéni jóllétre és mentális egészségre, különösen a generációs különbségeket figyelembe véve.A szakirodalmi áttekintés elsőként a mentális egészség és a jóllét fogalmait és mérési lehetőségeit tekinti át, majd bemutatja a lelki egészség társadalmi, munkahelyi és kulturális összefüggéseit. Továbbá megemlítem még a művészetek és a közösségi részvétel pozitív hatásait, valamint azokat a lehetőségeket, amelyek révén a kultúra hozzájárulhat a lelki jóllét fenntartásához.A kultúrafogyasztás és szabadidő-felhasználás hazai mintázatainak ismertetése mellett a dolgozatom kitér arra is, hogyan értékelődik fel napjainkban a kultúra szerepe, különösen a digitális formák elterjedésével. Végül külön fejezet foglalkozik az interneten keresztül elérhető kulturális élményekkel és azok jóllétre gyakorolt hatásaival, illetve hogy a digitális tér nem csupán pótléka, hanem egyre inkább önálló formája is lehet a kultúrafogyasztásnak.A dolgozat alapját képező kutatás kvalitatív és kvantitatív módszerek kombinációjával készült, amelyek célja a különböző generációk kultúrafogyasztási szokásainak és ezek lelki egészséggel való összefüggéseinek feltárása volt. | |
| 695 | |a digitális művészet | ||
| 695 | |a generációs különbségek | ||
| 695 | |a közösség | ||
| 695 | |a kultúra | ||
| 695 | |a kultúrafogyasztás | ||
| 695 | |a mentális jóllét | ||
| 700 | 1 | |a Schultz Dr. Éva |e ths | |
| 856 | 4 | 0 | |u http://dolgozattar.uni-bge.hu/59903/1/Anda%20N%C3%B3ra%20Petra_Szakdolgozat%20100%25.pdf |z Dokumentum-elérés |
| 856 | 4 | 0 | |u http://dolgozattar.uni-bge.hu/59903/2/Anda%20N%C3%B3ra%20Petra.pdf |z Dokumentum-elérés |
| 856 | 4 | 0 | |u http://dolgozattar.uni-bge.hu/59903/3/Anda%20N%C3%B3ra%20Petra_konzulensi_Schultz%20%C3%89va.pdf |z Dokumentum-elérés |